000 00898nam a22002777a 4500
003 CHAP
005 20220817041453.0
008 971013s1958 r 00010 d
010 _a15443
011 _a16415
035 _a20494
040 _cCHAP
090 _aFolleto 29
100 0 0 _aGrose, R. J.
_950796
245 _aInfluence of seed size on germination and early growth of seedlings of Eucaluptus maculata Hook. F. and Eucalyptus Siberiana
260 _aMelbourne :
_bForests Commission of Victoria,
_c1958
300 _a10 p
490 _aForests Commission of Victoria. Bulletin
_v; 9
590 _aBATCH-UPD
_b10
_c20130110
_lUCH01
_h1801
590 _aCONVERSION
_b10
_c20130109
_lUCH01
_h1310
650 1 4 _aEucalipto.
830 0 _aForests Commission of Victoria. Bulletin
_v; 9
_942382
901 _aBK
942 _cFOLL
949 _aFolleto 29
_bBC
_cFOLL
_d-47812
_eTS1
_i20494
_si
999 _c15443
_d15443